<?xml version="1.0" encoding="UTF-8"?>
<record
    xmlns:xsi="http://www.w3.org/2001/XMLSchema-instance"
    xsi:schemaLocation="http://www.loc.gov/MARC21/slim http://www.loc.gov/standards/marcxml/schema/MARC21slim.xsd"
    xmlns="http://www.loc.gov/MARC21/slim">

  <leader>00597nam a2200193 a 4500</leader>
  <controlfield tag="001">74</controlfield>
  <controlfield tag="003">CDMR</controlfield>
  <controlfield tag="005">20131024133133.0</controlfield>
  <controlfield tag="008">130130s1984||||||||||||||||||||||||||||d</controlfield>
  <datafield tag="020" ind1=" " ind2=" ">
    <subfield code="a">8428105502</subfield>
  </datafield>
  <datafield tag="040" ind1=" " ind2=" ">
    <subfield code="a">CDMR</subfield>
    <subfield code="b">cat</subfield>
    <subfield code="c">CDMR</subfield>
  </datafield>
  <datafield tag="100" ind1="1" ind2=" ">
    <subfield code="a">Anton, Maria Llu&#xEF;sa</subfield>
    <subfield code="9">69</subfield>
  </datafield>
  <datafield tag="245" ind1="1" ind2="0">
    <subfield code="a">50 anys de r&#xE0;dio a Badalona</subfield>
    <subfield code="b">: l'emisora de la costa, la r&#xE0;dio que se'n va anar</subfield>
    <subfield code="c">Maria-Llu&#xEF;sa Anton, Enric Juliana</subfield>
  </datafield>
  <datafield tag="260" ind1=" " ind2=" ">
    <subfield code="a">[Badalona]</subfield>
    <subfield code="b">Museu de Badalona</subfield>
  </datafield>
  <datafield tag="260" ind1=" " ind2=" ">
    <subfield code="b">Oikos-Tau</subfield>
    <subfield code="c">1984</subfield>
  </datafield>
  <datafield tag="490" ind1="0" ind2=" ">
    <subfield code="a">Monografies (Museu de Badalona)</subfield>
    <subfield code="a">6</subfield>
  </datafield>
  <datafield tag="650" ind1="0" ind2="4">
    <subfield code="9">3756</subfield>
    <subfield code="a">R&#xE0;dio local</subfield>
    <subfield code="z">Catalunya</subfield>
  </datafield>
  <datafield tag="942" ind1=" " ind2=" ">
    <subfield code="c">MON</subfield>
    <subfield code="2">ddc</subfield>
  </datafield>
  <datafield tag="999" ind1=" " ind2=" ">
    <subfield code="c">74</subfield>
    <subfield code="d">74</subfield>
  </datafield>
  <datafield tag="952" ind1=" " ind2=" ">
    <subfield code="0">0</subfield>
    <subfield code="1">0</subfield>
    <subfield code="4">0</subfield>
    <subfield code="7">0</subfield>
    <subfield code="a">CDMR</subfield>
    <subfield code="b">CDMR</subfield>
    <subfield code="d">2013-01-16</subfield>
    <subfield code="l">3</subfield>
    <subfield code="m">2</subfield>
    <subfield code="o">Eu /3</subfield>
    <subfield code="p">CDMR13107884K</subfield>
    <subfield code="r">2019-04-05</subfield>
    <subfield code="s">2019-04-01</subfield>
    <subfield code="w">2013-01-16</subfield>
    <subfield code="y">MON</subfield>
  </datafield>
  <datafield tag="952" ind1=" " ind2=" ">
    <subfield code="0">0</subfield>
    <subfield code="1">0</subfield>
    <subfield code="4">0</subfield>
    <subfield code="7">0</subfield>
    <subfield code="a">GIRONA</subfield>
    <subfield code="b">GIRONA</subfield>
    <subfield code="d">2015-07-22</subfield>
    <subfield code="l">0</subfield>
    <subfield code="o">Eu 624</subfield>
    <subfield code="p">GIRONA15070141</subfield>
    <subfield code="r">2015-07-22</subfield>
    <subfield code="w">2015-07-22</subfield>
    <subfield code="y">MON</subfield>
  </datafield>
</record>
